[Event "Pardubice Czech op-E 33rd"]
[Site "Pardubice"]
[Date "2022.07.15"]
[Round "3.3"]
[White "Fryc, Miroslav"]
[Black "Chytilek, Roman"]
[Result "0-1"]
[WhiteElo "2169"]
[BlackElo "2317"]
[PlyCount "120"]
[EventDate "2022.07.14"]
[EventType "team-swiss"]
[EventRounds "7"]
[EventCountry "CZE"]
[SourceTitle "CBM 209 Extra"]
[Source "ChessBase"]
[SourceDate "2022.09.30"]
[SourceVersion "1"]
[SourceVersionDate "2022.09.30"]
[SourceQuality "1"]
[WhiteTeam "Zapadocesky Expres"]
[BlackTeam "Brno Duras"]
[WhiteTeamCountry "CZE"]
[BlackTeamCountry "CZE"]

1. e4 g6 2. d4 Bg7 3. Nc3 c6 4. Be2 d6 5. h3 Nf6 6. Nf3 0-0 7. 0-0 Nbd7 8. e5 Ne8 9. Bf4 dxe5 10. dxe5 Nc7 11. Re1 Ne6 12. Bg3 b5 13. Qc1 Qb6 14. Bf1 a5 15. Ne4 Ndc5 16. Qe3 Na4 17. b3 Qxe3 18. Rxe3 Nb6 19. Rd1 Nd5 20. Ree1 b4 21. Bc4 Bb7 22. Nd4 Nxd4 23. Rxd4 e6 24. Nc5 Rfb8 25. Bh4 h6 26. Nd7 Re8 27. f4 Ba6 28. Bxa6 Rxa6 29. Rc4 Rc8 30. Nc5 Ra7 31. Bf2 Re7 32. a4 Bf8 33. g3 h5 34. h4 Rec7 35. Ne4 c5 36. Nf6+ Nxf6 37. exf6 Rd8 38. Re5 Rd5 39. Kf1 Bd6 40. Rg5 Kf8 41. Ke2 Ke8 42. Kf3 Kd7 43. Ke4 Kc6 44. Be3 Bf8 45. Re5 Bd6 46. Rg5 Bf8 47. Re5 Bd6 48. Rg5 Bf8 49. c3 Rf5 50. cxb4 axb4 51. Rc2 Rd7 52. Rxf5 gxf5+ 53. Kf3 Rd3 54. Rb2 c4 55. Ke2 Rxb3 56. Rxb3 cxb3 57. Kd2 Bc5 58. Bxc5 Kxc5 59. Kc1 Kb6 60. Kb2 Ka6 0-1

[Event "CZE-chT2B 1920"]
[Site "Czech Republic"]
[Date "2019.11.03"]
[Round "2.2"]
[White "Fryc, Miroslav"]
[Black "Slovak, Kilian"]
[Result "1/2-1/2"]
[WhiteElo "2203"]
[BlackElo "2189"]
[PlyCount "115"]
[EventDate "2019.10.13"]
[EventType "team-tourn"]
[EventRounds "11"]
[EventCountry "CZE"]
[SourceTitle "EXT 2024"]
[Source "ChessBase"]
[SourceDate "2023.10.10"]
[SourceVersion "1"]
[SourceVersionDate "2023.10.10"]
[SourceQuality "1"]
[WhiteTeam "Karlovy Vary Tietz"]
[BlackTeam "Kobylisy"]
[WhiteTeamCountry "CZE"]
[BlackTeamCountry "CZE"]

1. e4 c5 2. Nc3 Nc6 3. g3 g6 4. d3 Bg7 5. Be3 d6 6. Qd2 Rb8 7. Bg2 b5 8. Nge2 b4 9. Nd1 Bd7 10. 0-0 e6 11. h3 Nd4 12. c3 Nxe2+ 13. Qxe2 Ne7 14. Qd2 0-0 15. Bh6 Nc6 16. Bxg7 Kxg7 17. Ne3 f5 18. f4 Qf6 19. Nc4 e5 20. Rae1 Rbe8 21. exf5 gxf5 22. Ne3 bxc3 23. bxc3 Qg6 24. Kh2 Kh8 25. Qf2 Re7 26. Bd5 Rg7 27. Ng2 Ne7 28. Nh4 Qf6 29. Bb3 exf4 30. Qxf4 Ng6 31. Nxg6+ hxg6 32. d4 g5 33. Qf3 cxd4 34. cxd4 Rh7 35. Kg2 f4 36. g4 Qxd4 37. Rd1 Qf6 38. Qd5 Rh6 39. Rd3 Rc8 40. Qd4 Bc6+ 41. Kh2 Qxd4 42. Rxd4 Re8 43. Bd5 Re2+ 44. Kg1 Bxd5 45. Rxd5 Rxh3 46. Rxg5 f3 47. Rh5+ Rxh5 48. gxh5 Rg2+ 49. Kh1 Rxa2 50. Rxf3 Ra5 51. Rf7 Rxh5+ 52. Kg2 a5 53. Kf3 a4 54. Ra7 Rh3+ 55. Ke4 a3 56. Kd5 Rd3+ 57. Kc4 Re3 58. Kd5 1/2-1/2

[Event "CZE-chT2A 1617"]
[Site "Czech Republic"]
[Date "2017.03.19"]
[Round "10.7"]
[White "Fryc, Miroslav"]
[Black "Soutner, Jaroslav"]
[Result "1/2-1/2"]
[WhiteElo "2150"]
[BlackElo "1753"]
[PlyCount "73"]
[EventDate "2016.10.09"]
[EventType "team-tourn"]
[EventRounds "11"]
[EventCountry "CZE"]
[SourceTitle "EXT 2022"]
[Source "ChessBase"]
[SourceDate "2021.10.06"]
[SourceVersion "1"]
[SourceVersionDate "2021.10.06"]
[SourceQuality "1"]
[WhiteTeam "Karlovy Vary Tietz"]
[BlackTeam "Plzen Kosutka"]
[WhiteTeamCountry "CZE"]
[BlackTeamCountry "CZE"]

1. e4 e5 2. Nf3 Nc6 3. d4 exd4 4. Nxd4 Nf6 5. Nxc6 bxc6 6. e5 Qe7 7. Qe2 Nd5 8. c4 Ba6 9. b3 g6 10. Bb2 Bg7 11. Nd2 0-0 12. 0-0-0 f6 13. e6 Nf4 14. Qe3 Nxe6 15. f4 f5 16. Nf3 Bxb2+ 17. Kxb2 Qf6+ 18. Kc2 d6 19. h4 c5 20. h5 Bb7 21. Ng5 Nxg5 22. fxg5 Qg7 23. hxg6 hxg6 24. Rh6 Rfe8 25. Qf2 Re6 26. Bd3 Rae8 27. g4 Be4 28. gxf5 Bxd3+ 29. Kxd3 gxf5 30. Rxe6 Rxe6 31. Kc2 Qe5 32. Rd2 Qe4+ 33. Kb2 Qe5+ 34. Ka3 Qe4 35. Qh2 Qe1 36. Qg2 Qe4 37. Qh2 1/2-1/2

[Event "CZE-chT2A 1516"]
[Site "Czech Republic"]
[Date "2016.02.07"]
[Round "7.5"]
[White "Fryc, Miroslav"]
[Black "Liska, Karel"]
[Result "1-0"]
[WhiteElo "2150"]
[BlackElo "2095"]
[PlyCount "80"]
[EventDate "2015.10.18"]
[EventType "team-tourn"]
[EventRounds "11"]
[EventCountry "CZE"]
[SourceTitle "EXT 2022"]
[Source "ChessBase"]
[SourceDate "2021.10.06"]
[SourceVersion "1"]
[SourceVersionDate "2021.10.06"]
[SourceQuality "1"]
[WhiteTeam "Karlovy Vary Tietz"]
[BlackTeam "Plzen Kosutka"]
[WhiteTeamCountry "CZE"]
[BlackTeamCountry "CZE"]

1. e4 e5 2. Nf3 Nc6 3. Bc4 Bc5 4. 0-0 d6 5. c3 Qe7 6. d4 Bb6 7. h3 h6 8. d5 Nd8 9. Bd3 g5 10. Nh2 h5 11. a4 a6 12. Be3 g4 13. Bxb6 cxb6 14. Nd2 Nh6 15. Kh1 gxh3 16. g3 Bg4 17. f3 Bd7 18. Nc4 f5 19. Nxb6 Rb8 20. f4 Ng4 21. Qf3 fxe4 22. Bxe4 Nxh2 23. Kxh2 Bg4 24. Bg6+ Nf7 25. Qe4 0-0 26. Rae1 Rbd8 27. Nc4 Rd7 28. Bf5 Nh6 29. Bxd7 Bxd7 30. Qg6+ Qg7 31. Qxg7+ Kxg7 32. Nxd6 Ng4+ 33. Kxh3 Ne3+ 34. Kh2 Nxf1+ 35. Rxf1 Bxa4 36. Nxb7 Rb8 37. Nc5 Rxb2+ 38. Kh3 Bb5 39. Re1 exf4 40. gxf4 Rc2 1-0

[Event "CZE-chT2A 1415"]
[Site "Czech Republic"]
[Date "2015.03.29"]
[Round "10.6"]
[White "Fryc, Miroslav"]
[Black "Markovic, Milan2222"]
[Result "1-0"]
[WhiteElo "2153"]
[BlackElo "2132"]
[PlyCount "79"]
[EventDate "2014.11.02"]
[EventType "team-tourn"]
[EventRounds "11"]
[EventCountry "CZE"]
[SourceTitle "EXT 2022"]
[Source "ChessBase"]
[SourceDate "2021.10.06"]
[SourceVersion "1"]
[SourceVersionDate "2021.10.06"]
[SourceQuality "1"]
[WhiteTeam "Karlovy Vary II"]
[BlackTeam "Praha Vrsovice"]
[WhiteTeamCountry "CZE"]
[BlackTeamCountry "CZE"]

1. e4 d5 2. exd5 Qxd5 3. Nc3 Qd6 4. d4 Nf6 5. Bc4 a6 6. Nge2 Bg4 7. f3 Bf5 8. Bf4 Qd7 9. g4 Bg6 10. h4 h6 11. h5 Bh7 12. d5 c6 13. Qd2 cxd5 14. Nxd5 Nxd5 15. Qxd5 e6 16. Qxd7+ Nxd7 17. 0-0-0 Nc5 18. Be3 b5 19. Bxc5 Bxc5 20. Bd3 Bxd3 21. Rxd3 Ke7 22. Nd4 Bxd4 23. Rxd4 Rhd8 24. Rhd1 Rxd4 25. Rxd4 Rd8 26. Rxd8 Kxd8 27. Kd2 Ke7 28. a4 g6 29. axb5 axb5 30. c4 gxh5 31. gxh5 bxc4 32. Kc3 Kd6 33. Kxc4 e5 34. b4 f5 35. b5 Kc7 36. Kd5 e4 37. fxe4 f4 38. Kd4 Kb6 39. e5 Kxb5 40. Ke4 1-0

[Event "CZE-chT2A 1213"]
[Site "Czech Republic"]
[Date "2012.11.04"]
[Round "2.5"]
[White "Fryc, Miroslav"]
[Black "Krajic, Karel"]
[Result "1-0"]
[WhiteElo "2151"]
[BlackElo "2057"]
[PlyCount "75"]
[EventDate "2012.10.14"]
[EventType "team-tourn"]
[EventRounds "11"]
[EventCountry "CZE"]
[SourceTitle "EXT 2015"]
[Source "ChessBase"]
[SourceDate "2014.11.20"]
[SourceVersion "1"]
[SourceVersionDate "2014.11.20"]
[SourceQuality "1"]
[WhiteTeam "Karlovy Vary II"]
[BlackTeam "Most Chess II"]
[WhiteTeamCountry "CZE"]
[BlackTeamCountry "CZE"]

1. e4 c5 2. Nc3 Nc6 3. g3 g6 4. d3 Bg7 5. Be3 d6 6. Qd2 Bd7 7. Bg2 Rb8 8. Nge2 b5 9. 0-0 Nf6 10. Bh6 0-0 11. Bxg7 Kxg7 12. f4 b4 13. Nd1 Qc8 14. Ne3 Bh3 15. f5 Bxg2 16. Kxg2 Ne5 17. b3 Qb7 18. Nf4 Rbe8 19. Nfd5 Neg4 20. Nxg4 Nxg4 21. Qf4 Nf6 22. Nxf6 exf6 23. Qxd6 Qe7 24. Qxe7 Rxe7 25. a3 Rc8 26. g4 Rec7 27. h4 h6 28. Kg3 g5 29. hxg5 hxg5 30. Rh1 Rh8 31. Rxh8 Kxh8 32. Kf3 Kg7 33. Ke3 Kf8 34. axb4 cxb4 35. Kd2 Ke7 36. Ra4 Rb7 37. d4 Kd7 38. Kd3 1-0

[Event "CZE-chT2B 1112"]
[Site "Czech Republic"]
[Date "2012.01.22"]
[Round "6.2"]
[White "Fryc, Miroslav"]
[Black "Horak, Jiri"]
[Result "1-0"]
[WhiteElo "2164"]
[BlackElo "2277"]
[PlyCount "49"]
[EventDate "2011.10.09"]
[EventType "team-tourn"]
[EventRounds "11"]
[EventCountry "CZE"]
[SourceTitle "EXT 2013"]
[Source "ChessBase"]
[SourceDate "2012.11.22"]
[SourceVersion "1"]
[SourceVersionDate "2012.11.22"]
[SourceQuality "1"]
[WhiteTeam "Sokolov"]
[BlackTeam "Most Chess"]
[WhiteTeamCountry "CZE"]
[BlackTeamCountry "CZE"]

1. e4 e5 2. Nf3 Nc6 3. d4 exd4 4. Nxd4 Nf6 5. Nxc6 bxc6 6. Bd3 d6 7. 0-0 Be7 8. b3 0-0 9. Bb2 a5 10. Nd2 a4 11. f4 d5 12. e5 Bc5+ 13. Kh1 Ng4 14. Qe1 a3 15. Bc1 f6 16. Nf3 fxe5 17. fxe5 Bf5 18. h3 Nh6 19. Qc3 Bb6 20. Bxh6 gxh6 21. Bxf5 Rxf5 22. Qxc6 Kg7 23. Nh4 Rh5 24. Nf5+ Kh8 25. Nxh6 1-0

[Event "CZE-chT2B 1011"]
[Site "Czech Republic"]
[Date "2011.03.06"]
[Round "9.1"]
[White "Stockova, Zuzana"]
[Black "Fryc, Miroslav"]
[Result "1/2-1/2"]
[WhiteElo "2400"]
[BlackElo "2158"]
[PlyCount "168"]
[EventDate "2010.10.17"]
[EventType "team-tourn"]
[EventRounds "11"]
[EventCountry "CZE"]
[SourceTitle "EXT 2012"]
[Source "ChessBase"]
[SourceDate "2011.11.24"]
[SourceVersion "1"]
[SourceVersionDate "2011.11.24"]
[SourceQuality "1"]
[WhiteTeam "Karlovy Vary"]
[BlackTeam "Sokolov"]
[WhiteTeamCountry "CZE"]
[BlackTeamCountry "CZE"]

1. e4 c5 2. Nf3 d6 3. d4 cxd4 4. Nxd4 Nf6 5. Nc3 e5 6. Bb5+ Nbd7 7. Nf5 a6 8. Bxd7+ Qxd7 9. Bg5 Nxe4 10. Nxg7+ Bxg7 11. Nxe4 d5 12. Nf6+ Bxf6 13. Bxf6 0-0 14. Qf3 e4 15. Qg3+ Qg4 16. Rd1 Qxg3 17. hxg3 Be6 18. Rh5 Rfc8 19. Kd2 Kf8 20. Rxh7 Ke8 21. c3 b5 22. Ke3 Kd7 23. Rh4 Kc6 24. g4 Rg8 25. Kf4 Rg6 26. g5 Re8 27. Rhh1 Rgg8 28. Rhe1 Ra8 29. Rd4 Rge8 30. Rh1 Rg8 31. Rh6 Rae8 32. Rh7 Kd6 33. a4 Kc6 34. Rh1 Ra8 35. Ra1 Rge8 36. Rad1 Ra7 37. Rb4 Raa8 38. Ra1 Kc5 39. Bd4+ Kc6 40. Rb3 Reb8 41. axb5+ axb5 42. Rba3 Rxa3 43. Rxa3 b4 44. Ra6+ Kb5 45. Rd6 bxc3 46. bxc3 Rg8 47. Bf6 Kc5 48. Ra6 Kc4 49. Ke3 Kb5 50. Ra7 Kb6 51. Bd4+ Kc6 52. Ra6+ Kb7 53. Rb6+ Kc7 54. Kf4 Rg6 55. Ra6 Kb7 56. Ra7+ Kc6 57. Bf6 Rg8 58. Ke3 Kb6 59. Ra4 Kb5 60. Rb4+ Kc6 61. Kd4 Ra8 62. Rb2 Bf5 63. Ke5 Bg6 64. Kf4 Re8 65. Bd4 Re6 66. Rb6+ Kc7 67. Rb5 Kc6 68. Rc5+ Kd6 69. Ra5 Kc6 70. Bf6 e3 71. fxe3 Re4+ 72. Kf3 Re8 73. Bd4 Re4 74. Ra6+ Kb5 75. Rd6 Kc4 76. Rc6+ Kd3 77. Rc5 Re7 78. Kf4 Be4 79. g3 Rd7 80. Be5 Rb7 81. Rc7 Rxc7 82. Bxc7 Kxc3 83. Ke5 Kc4 84. Kf6 Bg6 1/2-1/2

[Event "CZE-chT2B 1011"]
[Site "Czech Republic"]
[Date "2011.01.23"]
[Round "6.1"]
[White "Fryc, Miroslav"]
[Black "Vagner, Tomas"]
[Result "0-1"]
[WhiteElo "2158"]
[BlackElo "2271"]
[PlyCount "66"]
[EventDate "2010.10.17"]
[EventType "team-tourn"]
[EventRounds "11"]
[EventCountry "CZE"]
[SourceTitle "EXT 2012"]
[Source "ChessBase"]
[SourceDate "2011.11.24"]
[SourceVersion "1"]
[SourceVersionDate "2011.11.24"]
[SourceQuality "1"]
[WhiteTeam "Sokolov"]
[BlackTeam "Marty Most"]
[WhiteTeamCountry "CZE"]
[BlackTeamCountry "CZE"]

1. e4 g6 2. d4 Bg7 3. Nf3 c5 4. Be2 cxd4 5. Nxd4 Nc6 6. Be3 Nf6 7. Nc3 0-0 8. Qd2 d5 9. exd5 Nxd5 10. Nxd5 Nxd4 11. Bxd4 Qxd5 12. Bxg7 Qxg2 13. 0-0-0 Kxg7 14. Qe3 Qc6 15. Bd3 Qe6 16. Qd4+ Qf6 17. Qe3 Bg4 18. Rde1 e6 19. Rhg1 Bf5 20. Bxf5 exf5 21. Qf3 Rfc8 22. Re3 Rc6 23. h4 Rac8 24. c3 Qxh4 25. Qxf5 Rc5 26. Qc2 b5 27. Re4 Qh2 28. Rge1 Rf5 29. R4e2 b4 30. Rd1 bxc3 31. bxc3 Rf3 32. Rd3 Qg1+ 33. Kd2 Rxf2 0-1

[Event "CZE-chT2B 1011"]
[Site "Czech Republic"]
[Date "2010.11.21"]
[Round "3.1"]
[White "Balin, Jan"]
[Black "Fryc, Miroslav"]
[Result "1-0"]
[WhiteElo "2355"]
[BlackElo "2158"]
[PlyCount "59"]
[EventDate "2010.10.17"]
[EventType "team-tourn"]
[EventRounds "11"]
[EventCountry "CZE"]
[SourceTitle "EXT 2012"]
[Source "ChessBase"]
[SourceDate "2011.11.24"]
[SourceVersion "1"]
[SourceVersionDate "2011.11.24"]
[SourceQuality "1"]
[WhiteTeam "Podborany"]
[BlackTeam "Sokolov"]
[WhiteTeamCountry "CZE"]
[BlackTeamCountry "CZE"]

1. e4 c5 2. Nf3 d6 3. Bb5+ Bd7 4. Bxd7+ Nxd7 5. 0-0 Ngf6 6. Re1 e6 7. d3 Be7 8. Nbd2 0-0 9. a4 b6 10. Qe2 Qc7 11. h3 a6 12. b3 b5 13. Bb2 Rfc8 14. Nh2 Ne8 15. f4 Qc6 16. Ng4 d5 17. exd5 Qxd5 18. c4 Qf5 19. Qf3 bxc4 20. bxc4 Rd8 21. Ne4 Rab8 22. Ng3 Qg6 23. f5 exf5 24. Nxf5 Bf8 25. Bxg7 h5 26. Ngh6+ Kh7 27. Bxf8 Nxf8 28. Re7 Rd7 29. Nxf7 Ng7 30. Ne5 1-0

[Event "CZE-chT2B 0910"]
[Site "Czech Republic"]
[Date "2010.02.28"]
[Round "8.6"]
[White "Fryc, Miroslav"]
[Black "Misicko, Jan"]
[Result "1/2-1/2"]
[WhiteElo "2129"]
[BlackElo "2035"]
[PlyCount "100"]
[EventDate "2009.10.18"]
[EventType "team-tourn"]
[EventRounds "11"]
[EventCountry "CZE"]
[SourceTitle "EXT 2012"]
[Source "ChessBase"]
[SourceDate "2011.11.24"]
[SourceVersion "1"]
[SourceVersionDate "2011.11.24"]
[SourceQuality "1"]
[WhiteTeam "Karlovy Vary"]
[BlackTeam "Kladno"]
[WhiteTeamCountry "CZE"]
[BlackTeamCountry "CZE"]

1. e4 c5 2. Nc3 e6 3. g3 d5 4. exd5 exd5 5. Bg2 d4 6. Nd5 Bd6 7. d3 Ne7 8. Nxe7 Qxe7+ 9. Ne2 Bg4 10. f3 Bd7 11. 0-0 0-0 12. Re1 Re8 13. Bd2 Nc6 14. Nxd4 Qf6 15. Nxc6 Bxc6 16. Bc3 Qg6 17. Qd2 h5 18. f4 Bxg2 19. Qxg2 h4 20. b3 b5 21. Re4 hxg3 22. hxg3 Rxe4 23. dxe4 c4 24. Bd4 Bb4 25. c3 Ba5 26. Qf3 Bb6 27. Rd1 Re8 28. Bxb6 Qxb6+ 29. Kg2 cxb3 30. axb3 Qe6 31. Rd5 Qc6 32. e5 a5 33. Rd6 Qxf3+ 34. Kxf3 Rc8 35. Rd3 a4 36. bxa4 bxa4 37. g4 a3 38. c4 Ra8 39. Rd1 a2 40. Ra1 Ra3+ 41. Ke4 Kf8 42. f5 Ke7 43. Kd5 Ra5+ 44. c5 Kd7 45. g5 Ra6 46. c6+ Kc7 47. g6 Ra5+ 48. Ke4 fxg6 49. f6 gxf6 50. exf6 Kxc6 1/2-1/2

[Event "CZE-chT2B 0910"]
[Site "Czech Republic"]
[Date "2010.01.17"]
[Round "5.6"]
[White "Krajic, Karel"]
[Black "Fryc, Miroslav"]
[Result "1-0"]
[WhiteElo "2072"]
[BlackElo "2129"]
[PlyCount "87"]
[EventDate "2009.10.18"]
[EventType "team-tourn"]
[EventRounds "11"]
[EventCountry "CZE"]
[SourceTitle "EXT 2012"]
[Source "ChessBase"]
[SourceDate "2011.11.24"]
[SourceVersion "1"]
[SourceVersionDate "2011.11.24"]
[SourceQuality "1"]
[WhiteTeam "Most Marty"]
[BlackTeam "Karlovy Vary"]
[WhiteTeamCountry "CZE"]
[BlackTeamCountry "CZE"]

1. e4 c5 2. Nc3 Nc6 3. f4 g6 4. Nf3 Bg7 5. Bc4 e6 6. 0-0 Nge7 7. d3 d5 8. Bb3 0-0 9. Qe1 Nd4 10. Qh4 Nxb3 11. axb3 f5 12. e5 Bd7 13. Bd2 d4 14. Ne2 Nd5 15. Qxd8 Rfxd8 16. c4 dxc3 17. bxc3 a5 18. Rfb1 Bf8 19. Kf2 Be7 20. Ne1 Bc6 21. c4 Nb4 22. Bxb4 axb4 23. g3 g5 24. Ke3 Kf7 25. Nc2 h5 26. Rxa8 Rxa8 27. Ra1 Rg8 28. Rg1 Rh8 29. Ne1 Ra8 30. Nf3 Bxf3 31. Kxf3 Ra2 32. Rb1 h4 33. Ke3 Kg6 34. gxh4 g4 35. Rg1 Bxh4 36. h3 Kh5 37. hxg4+ fxg4 38. Rh1 g3 39. Nxg3+ Kg4 40. Ne4 b6 41. Rg1+ Kh5 42. Nf6+ Bxf6 43. exf6 Ra8 44. Ke4 1-0

[Event "CZE-chT2B 0910"]
[Site "Czech Republic"]
[Date "2009.10.18"]
[Round "1.5"]
[White "Musil, Miroslav"]
[Black "Fryc, Miroslav"]
[Result "0-1"]
[WhiteElo "1918"]
[BlackElo "2129"]
[PlyCount "44"]
[EventDate "2009.10.18"]
[EventType "team-tourn"]
[EventRounds "11"]
[EventCountry "CZE"]
[SourceTitle "EXT 2012"]
[Source "ChessBase"]
[SourceDate "2011.11.24"]
[SourceVersion "1"]
[SourceVersionDate "2011.11.24"]
[SourceQuality "1"]
[WhiteTeam "Karlovy Vary II"]
[BlackTeam "Karlovy Vary"]
[WhiteTeamCountry "CZE"]
[BlackTeamCountry "CZE"]

1. c4 g6 2. Nf3 Bg7 3. d4 Nf6 4. Nc3 0-0 5. e4 d6 6. h3 e5 7. dxe5 dxe5 8. Bg5 Nbd7 9. Qc2 c6 10. Be2 Qc7 11. 0-0-0 Nc5 12. g4 Be6 13. Bxf6 Bxf6 14. g5 Be7 15. h4 a5 16. Rdf1 Rab8 17. Nxe5 Qxe5 18. f4 Qc7 19. f5 Bd7 20. f6 Bd6 21. Bf3 Be6 22. Ne2 Be5 0-1

[Event "Marianske Lazne op"]
[Site "Marianske Lazne"]
[Date "2009.01.18"]
[Round "2"]
[White "Fryc, Miroslav"]
[Black "Khamidov, Komil"]
[Result "1-0"]
[WhiteElo "2159"]
[BlackElo "1972"]
[PlyCount "71"]
[EventDate "2009.01.17"]
[EventType "swiss"]
[EventRounds "9"]
[EventCountry "CZE"]
[SourceTitle "CBM 128 Extra"]
[Source "ChessBase"]
[SourceDate "2009.03.05"]
[SourceVersion "2"]
[SourceVersionDate "2009.03.25"]
[SourceQuality "1"]

1. e4 e5 2. f4 exf4 3. Bc4 d6 4. d4 g5 5. h4 Bg7 6. hxg5 Qxg5 7. Nf3 Qg3+ 8. Kf1 Bg4 9. c3 Nc6 10. Nbd2 0-0-0 11. Bxf7 Nf6 12. Qe1 Rhf8 13. Bb3 Nh5 14. Qf2 Ne7 15. Kg1 h6 16. Rh4 Bxf3 17. Qxg3 Nxg3 18. gxf3 h5 19. Kf2 Ng6 20. Rh3 Rfe8 21. Nf1 h4 22. Bd2 Re7 23. Re1 Rh8 24. Bc2 Rf7 25. Nh2 Nf8 26. Bb3 Re7 27. Bxf4 Ng6 28. Bg5 Kd7 29. Ng4 Rh5 30. Bxe7 Kxe7 31. Rxg3 hxg3+ 32. Kxg3 Bf6 33. Nxf6 Kxf6 34. f4 Rh7 35. e5+ Kf5 36. Bc2+ 1-0

[Event "CZE-chT2b 0607"]
[Site "Czech Republic"]
[Date "2007.02.11"]
[Round "7"]
[White "Bargel, Martin"]
[Black "Fryc, Miroslav"]
[Result "1-0"]
[WhiteElo "2140"]
[BlackElo "2148"]
[PlyCount "83"]
[EventDate "2006.10.15"]
[EventType "team"]
[EventRounds "11"]
[EventCountry "CZE"]
[SourceTitle "EXT 2009"]
[Source "ChessBase"]
[SourceDate "2008.11.26"]
[SourceVersion "1"]
[SourceVersionDate "2008.11.26"]
[SourceQuality "1"]

1. e4 c5 2. Nf3 d6 3. d4 cxd4 4. Nxd4 Nf6 5. Nc3 a6 6. Bg5 e6 7. f4 Qc7 8. Qf3 Nc6 9. 0-0-0 Be7 10. Qg3 Bd7 11. Nxc6 Bxc6 12. Bd3 h6 13. Bh4 0-0 14. Rhe1 Rac8 15. e5 Ne8 16. Bxe7 Qxe7 17. h4 d5 18. f5 exf5 19. Bxf5 Rd8 20. Ne2 Nc7 21. Nf4 Ne6 22. Bxe6 fxe6 23. Ng6 Qb4 24. Nxf8 Rxf8 25. c3 Qf4+ 26. Qxf4 Rxf4 27. g3 Rf3 28. g4 Bb5 29. Kc2 Kh7 30. b3 Kg6 31. a4 Bc6 32. Rf1 Rh3 33. h5+ Kg5 34. Rd4 Rh2+ 35. Kd1 g6 36. hxg6 Kxg6 37. Rf6+ Kg5 38. Rxe6 Rb2 39. Rb4 Bd7 40. Re7 Bxg4+ 41. Kc1 Rg2 42. Rg7+ 1-0

[Event "CZE-chT2b 0607"]
[Site "Czech Republic"]
[Date "2007.01.14"]
[Round "6"]
[White "Fryc, Miroslav"]
[Black "Spirin, Oleg"]
[Result "1/2-1/2"]
[WhiteElo "2148"]
[BlackElo "2356"]
[PlyCount "70"]
[EventDate "2006.10.15"]
[EventType "team"]
[EventRounds "11"]
[EventCountry "CZE"]
[SourceTitle "EXT 2009"]
[Source "ChessBase"]
[SourceDate "2008.11.26"]
[SourceVersion "1"]
[SourceVersionDate "2008.11.26"]
[SourceQuality "1"]

1. e4 c5 2. Nc3 Nc6 3. g3 g6 4. d3 Bg7 5. Be3 d6 6. Qd2 e5 7. Bg2 Nge7 8. f4 Nd4 9. Nf3 0-0 10. 0-0 Rb8 11. Rf2 f6 12. Ne2 Bg4 13. c3 Nxe2+ 14. Qxe2 Qd7 15. d4 cxd4 16. cxd4 exf4 17. Bxf4 Rbc8 18. Qd3 Nc6 19. d5 Ne5 20. Nxe5 fxe5 21. Be3 Rxf2 22. Bxf2 Qa4 23. b3 Qa5 24. Be3 a6 25. h3 Bd7 26. Qd2 Qxd2 27. Bxd2 Rc2 28. Bb4 Bf8 29. Bf1 Kf7 30. Bd3 Rc8 31. Kg2 Ke7 32. Bd2 Bg7 33. Rc1 Rxc1 34. Bxc1 Bf6 35. Be2 Bc8 1/2-1/2